000 01212nam a2200349 a 4500
001 000109319
003 CHAP
005 20221024134132.0
008 140421s mx sm |||||||spa d
010 _a105781
011 _a106753
040 _cCHAP
090 _aTesis
100 1 _aSanjuan Ramírez, Leticia
_9126470
245 1 0 _aEstado del arte sobre la calidad de la tortilla obtenida a partir de maíces criollos o nativos de México /
_h[En línea]
_cpor Leticia Sanjuan Ramírez.
260 _aChapingo, Méx. :
_bEl autor,
_c2013
500 _aPara ver el contenido del material haga clic en la liga
502 _aTesis (Ing. Agroindustrial ) -- UACH. Departamento de Ingeniería Agroindustrial
590 _aBATCH-UPD
_b05
_c20141002
590 _aE5995AHE
_b05
_c20140421
590 _aE5995AHE
_b05
_c20140421
590 _aE5995AHE
_b05
_c20140421
590 _aE5995AHE
_b05
_c20140421
650 1 4 _aMaíz criollo.
_971110
650 1 4 _aMaíz
_xCalidad.
_970894
650 1 4 _aMaíz
_zMéxico.
_971098
650 1 4 _aTortillas de maíz.
_9114318
856 _aFinding aid
_uhttp://10.13.5.2/tesis/sist109319.pdf
_zTeclea aquí
901 _aBK
942 _cTESIS
_2ddc
942 _n0
_2ddc
999 _c105781
_d105781